000 00368nam a2200145Ia 4500
008 100122s9999 xx 000 0 und d
082 _b34132
_a823
100 _aकमलेश्वर
245 _aसावट
260 _bसुपर्ण प्रकाशन
_c1983
300 _a86
630 _aसावट
730 _aसावट
942 _cBOOK
999 _c418001
_d417998